Fatwa sebagai sebahagian perundangan Islam : (satu kajian di negeri Perak Darul Ridzuan /
Saved in:
| Main Author: | |
|---|---|
| Format: | Thesis |
| Language: | Malay |
| Published: |
Gombak, Selangor :
International Islamic University Malaysia, Kulliyah of Law,
1999
|
| Subjects: | |
| Online Access: | http://studentrepo.iium.edu.my/handle/123456789/1512 |
| Tags: |
Add Tag
No Tags, Be the first to tag this record!
|
| LEADER | 016850000a22003610004500 | ||
|---|---|---|---|
| 001 | 183560 | ||
| 005 | 20230420100958.0 | ||
| 008 | 000223s1999 my g 000 0 may d | ||
| 035 | |a (Sirsi) 183560 | ||
| 040 | |a UIAM |b eng | ||
| 043 | |a a-my--- | ||
| 050 | 0 | 0 | |a BP145.4 |
| 100 | 0 | |a Jamil bin Mohd Sapri |9 113396 | |
| 245 | 1 | 0 | |a Fatwa sebagai sebahagian perundangan Islam : |b (satu kajian di negeri Perak Darul Ridzuan / |c Jamil bin Mohd. Sapri |
| 260 | |a Gombak, Selangor : |b International Islamic University Malaysia, Kulliyah of Law, |c 1999 | ||
| 300 | |a x, 85 p. ; |c 28 cm. | ||
| 336 | |2 rdacontent | ||
| 337 | |2 rdamedia | ||
| 338 | |2 rdacarrier | ||
| 502 | |a Thesis (D.A.I.J)--International Islamic University Malaysia, Kulliyah of Law, 1999 | ||
| 504 | |a Includes bibliographical references (p. 82-84). | ||
| 650 | 0 | |a Fatwas |9 25337 | |
| 650 | 0 | |a Islamic law |z Perak |9 66721 | |
| 655 | 0 | 7 | |a Theses, IIUM local |
| 690 | 0 | |a Dissertations, Academic |x Ahmad Ibrahim Kulliyyah of Laws |z IIUM | |
| 710 | 2 | |a International Islamic University Malaysia. |b Ahmad Ibrahim Kulliyyah of Laws | |
| 856 | 4 | |u http://studentrepo.iium.edu.my/handle/123456789/1512 | |
| 900 | |a smh | ||
| 942 | |2 lcc |n 0 | ||
| 999 | |c 431374 |d 462865 | ||
| 952 | |0 0 |6 T BP145.4 J32F 1999 |7 0 |8 THESES |9 751129 |a IIUM |b IIUM |c MULTIMEDIA |g 0.00 |o t BP145.4 J32F 1999 |p 00010981858 |r 2017-10-17 |t 1 |v 0.00 |y THESIS | ||
| 952 | |0 0 |6 LU T BP145.4 J32F 1999 |7 0 |8 THESES |9 751130 |a IIUM |b IIUM |c CLOSEACCES |g 0.00 |o lu t BP145.4 J32F 1999 |p 00000612228 |r 2017-10-24 |t 1 |v 0.00 |y THESIS | ||
| 952 | |0 0 |6 TS CDF BP145.4J32F 1999 |7 0 |8 THESES |9 802094 |a IIUM |b IIUM |c MULTIMEDIA |g 0.00 |o ts cdf BP145.4J32F 1999 |p 11100325423 |r 2017-10-26 |t 1 |v 0.00 |y THESISDIG | ||
